Normal view
MARC view
Entry Personal Name
001 - CONTROL NUMBER
- control field: 6410
003 - CONTROL NUMBER IDENTIFIER
- control field: BD-RjUL
005 - DATE AND TIME OF LATEST TRANSACTION
- control field: 20221222164539.0
008 - FIXED-LENGTH DATA ELEMENTS
- fixed length control field: 221222|| aca||aabn | a|a d
040 ## - CATALOGING SOURCE
- Original cataloging agency: BD-RjUL
- Transcribing agency: BD-RjUL
100 ## - HEADING--PERSONAL NAME
- Personal name: Biswas, Md. Abdur Rahaman
670 ## - SOURCE DATA FOUND
- Source citation: Work cat.: (BD-RjUL)81009: Biswas, Md. Abdur Rahaman, A study on the parasitism of striga SPP. on different host plants In Bangladesh /, 2002